000 00487nam a2200157Ia 4500
008 240729s9999 xx 000 0 und d
245 0 _aMirror of Research in Veterinary Sciences and Animals
260 _aIraq
260 _bMirror of Research in Veterinary Sciences and Animals (MRVSA)
650 _a Animal culture
650 _a Veterinary medicine
650 _aAgriculture
856 _uhttps://doaj.org/toc/9960dc2201de4fc4a0a96ce5715d6830
942 _2ddc
942 _cDOAJEJ
999 _c70316
_d70316
945 _a1
_bMadushi Gamage
_c1
_dMadushi Gamage